000 00295nam a22001337a 4500
008 170329b xxu||||| |||| 00| 0 eng d
020 _a9780803619067
041 _aeng
080 _a616-053.2
100 _a8
101 _aSHM
245 _aMATERNAL NEWBORN SUCCESS
_cDESEVO.M
942 _2udc
_cBK
999 _c9001
_d9001